| 000 | 00802nam a2200229 a 4500 | ||
|---|---|---|---|
| 999 |
_c6153 _d6153 |
||
| 001 | 6153 | ||
| 003 | BD-JhCC | ||
| 005 | 20180120165256.0 | ||
| 008 | 180114s2010 b |||| || | 000 0 b d | ||
| 020 | _a98484900116 | ||
| 035 | _a(BD-JhCC)6153 | ||
| 040 |
_aBD-JhCC _dBD-JhCC |
||
| 041 | _aeng | ||
| 082 |
_a297.1227 _bQUR 2010 |
||
| 245 |
_aকোরআন শরীফ : _bসহজ সরল বাংলা অনুবাদ / _cহফেজ মুনির উদ্দিন আহমেদ (অনুবাদক) |
||
| 260 |
_aঢাকা : _bআল কোরআন একাডেমী লন্ডন, _c2010 |
||
| 300 |
_a969 p. : _c16 cm. |
||
| 650 | _aAl- Quran | ||
| 700 | _aআহমেদ, হফেজ মুনির উদ্দিন | ||
| 942 |
_2ddc _cBK |
||